Normas españolas de 290 nuevos dibujos : (Registro nro. 135876)

Detalles MARC
000 -LEADER
campo de control de longitud fija 02601nab a2200397 i 4500
001 - NÚMERO DE CONTROL
campo de control 135876
003 - IDENTIFICADOR DE NÚMERO DE CONTROL
campo de control FINmELB
005 - FECHA Y HORA DE LA ÚLTIMA TRANSACCIÓN
campo de control 20241217180959.0
006 - CÓDIGOS DE INFORMACIÓN DE LONGITUD FIJA--CARACTERÍSTICAS DEL MATERIAL ADICIONAL
campo de control de longitud fija m o u
007 - CAMPO FIJO DE DESCRIPCIÓN FÍSICA--INFORMACIÓN GENERAL
campo de control de longitud fija cr cn|||||||||
008 - DATOS DE LONGITUD FIJA--INFORMACIÓN GENERAL
campo de control de longitud fija 230524c20039999sp fr p o 0 0spa d
022 ## - NÚMERO INTERNACIONAL NORMALIZADO PARA PUBLICACIONES SERIADAS
Número Internacional Normalizado para Publicaciones Seriadas 0211-2159
ISSN-L [OBSOLETO] 1576-8597
035 ## - NÚMERO DE CONTROL DEL SISTEMA
Número de control de sistema (OCoLC)1385418727
040 ## - FUENTE DE CATALOGACIÓN
Centro catalogador/agencia de origen FINmELB
Lengua de catalogación spa
Normas de descripción rda
Centro/agencia transcriptor FINmELB
050 #4 - SIGNATURA TOPOGRÁFICA DE LA BIBLIOTECA DEL CONGRESO
Número de clasificación BF38.5
Número de ítem P749 2003
080 ## - NÚMERO DE LA CLASIFICACIÓN DECIMAL UNIVERSAL
Número de la Clasificación Decimal Universal 159.9(045)
082 04 - NÚMERO DE LA CLASIFICACIÓN DECIMAL DEWEY
Número de clasificación 150
Información de edición 23
100 1# - ENTRADA PRINCIPAL--NOMBRE DE PERSONA
Nombre de persona Pérez, Miguel Ángel,
Término indicativo de función/relación autor.
245 10 - MENCIÓN DEL TÍTULO
Título Normas españolas de 290 nuevos dibujos :
Resto del título acuerdo en la denominación, concordancia de la imagen, familiaridad, complejidad visual y variabilidad de la imagen /
Mención de responsabilidad, etc. Miguel Ángel Pérez y Conrado Navalón.
264 #1 - PRODUCCIÓN, PUBLICACIÓN, DISTRIBUCIÓN, FABRICACIÓN Y COPYRIGHT
Producción, publicación, distribución, fabricación y copyright Valencia, España :
Nombre del de productor, editor, distribuidor, fabricante Universidad de Valencia,
Fecha de producción, publicación, distribución, fabricación o copyright 2003.
310 ## - PERIODICIDAD ACTUAL
Periodicidad actual Semestral
336 ## - TIPO DE CONTENIDO
Término de tipo de contenido texto
Código de tipo de contenido txt
Fuente rdacontent/spa
337 ## - TIPO DE MEDIO
Nombre/término del tipo de medio computadora
Código del tipo de medio c
Fuente rdamedia/spa
338 ## - TIPO DE SOPORTE
Nombre/término del tipo de soporte recurso en línea
Código del tipo de soporte cr
Fuente rdacarrier/spa
520 ## - RESUMEN, ETC.
Sumario, etc. En este trabajo se presentan 290 nuevos dibujos normalizados en población española. Los objetos se obtuvieron a partir de un estudio previo sobre pertenencia categorial (Pérez, 2000) y se estandarizaron atendiendo a cinco variables propuestas originalmente por Snodgrass y Vanderwart (1980): acuerdo en la denominación, concordancia de la imagen, familiaridad, complejidad visual y variabilidad de la imagen. Se contrastó la fiabilidad y validez de las medidas y, además, se compararon las características de la presente batería de dibujos con las de otros estudios normativos realizados en español y otros idiomas. Finalmente, con el fin de facilitar el uso de esta herramienta a los investigadores, los dibujos e índices se incluyeron en una base de datos electrónica, pudiendo ser útiles tanto en el campo de la investigación experimental psicológica como en otras áreas más aplicadas.
588 ## - NOTA DE FUENTE DE LA DESCRIPCIÓN
Nota de fuente de la descripción Descripción basada en metadatos suministrados por el editor y otras fuentes.
588 ## - NOTA DE FUENTE DE LA DESCRIPCIÓN
Nota de fuente de la descripción Descripción basada en Psicológica,vol. 24, n. 2 (2003), P. 215-241.
590 ## - NOTA LOCAL (RLIN)
Nota local Recurso electrónico. Santa Fe, Arg.: elibro, 2023. Disponible vía World Wide Web. El acceso puede estar limitado para las bibliotecas afiliadas a elibro.
650 #4 - PUNTO DE ACCESO ADICIONAL DE MATERIA--TÉRMINO DE MATERIA
Término de materia o nombre geográfico como elemento de entrada Imágenes.
650 #4 - PUNTO DE ACCESO ADICIONAL DE MATERIA--TÉRMINO DE MATERIA
Término de materia o nombre geográfico como elemento de entrada Psicología experimental.
655 #4 - TERMINO DE INDIZACIÓN--GENERO/FORMA
Datos o término principal de género/forma Libros electrónicos.
700 1# - ENTRADA AGREGADA--NOMBRE PERSONAL
Nombre de persona Navalón, Conrado,
Término indicativo de función/relación autor.
773 0# - ASIENTO DE ITEM FUENTE
Título Psicológica.
Número Internacional Normalizado para Publicaciones Seriadas ISSN0211-2159, 1576-8597
Lugar, editor y fecha de publicación Valencia, España : Universidad de Valencia.
Parte(s) relacionada(s) vol. 24, n. 2 (2003), p. 215-241
797 2# - PUNTO DE ACCESO ADICIONAL LOCAL--NOMBRE DE ENTIDAD CORPORATIVA (RLIN)
Nombre de entidad corporativa o nombre de jurisdicción como elemento de entrada elibro, Corp.
856 40 - LOCALIZACIÓN Y ACCESO ELECTRÓNICOS
Identificador Uniforme de Recurso <a href="https://elibro.net/ereader/politecnicointernacional/8590">https://elibro.net/ereader/politecnicointernacional/8590</a>

No hay ítems disponibles.


Politécnico Internacional

Institución de Educación Superior
Vigilado Mineducación.
SNES 4727 +4135 DEL 11 de nov. de 2004

Sedes

Sede Norte - Av. Boyacá 138 - 70

Sede Sur - Autopista Sur No 67 - 71

Sede Av Chile - Calle 73 Nº 10-45

Información Legal

Derechos Pecuniarios | Habeas Data | Reglamento Biblioteca


Compartir

YouTube | Twitter | Facebook | LinkedIn


Comunícate con nosotros:

Admisiones: 60-1-7950000
Atención al cliente: 60-1-4005700